000 00686nam a2200169 a 4500
008 071120s2005 ||||||||||||||||| || u
050 _aUNO(058)RIY
110 _aUnited Nations Economic and Social Affairs (UNESA)
245 1 0 _aReport on the international year of sport and physical education 2005
246 _aSport for a better world
260 _aNew York
_bUNITED NATIONS
_c2005
300 _a423p.: ill.
350 _a0.00
650 _aSPORTS
650 _aPHYSICAL EDUCATION AND TRAINING--HANDBOOKS, MANUALS, ETC
995 _D0.00
_FCBU-MAIN LIBRARY (Kitwe)
_H1
_I0.00
_M1
_UAVAILABLE
_WSep 4, 2008
_ZInternational Publications
999 _c56218
_d56218